[Event "CRO-chT 16th"]
[Site "Sibenik"]
[Date "2007.05.17"]
[Round "1"]
[White "Svaljek, Radmila"]
[Black "Cebalo, Miso"]
[Result "0-1"]
[WhiteElo "2071"]
[BlackElo "2491"]
[PlyCount "58"]
[EventDate "2007.05.17"]
[EventType "team"]
[EventRounds "5"]
[EventCountry "CRO"]
[SourceTitle "CBM 118 Extra"]
[Source "ChessBase"]
[SourceDate "2007.07.04"]
[SourceVersion "1"]
[SourceVersionDate "2007.07.04"]
[SourceQuality "1"]

1. d4 Nf6 2. Nf3 g6 3. Bg5 Bg7 4. Nbd2 d6 5. c3 h6 6. Bh4 g5 7. Bg3 Nh5 8. e3 Nd7 9. Bd3 e6 10. Ng1 Nxg3 11. hxg3 Qe7 12. Qc2 a6 13. Ne2 h5 14. Nf3 c5 15. 0-0 b6 16. c4 g4 17. Nd2 h4 18. Be4 Ra7 19. dxc5 bxc5 20. Rfe1 hxg3 21. Nxg3 Ne5 22. Qa4+ Kf8 23. Qd1 f5 24. Bc2 Rd7 25. Rb1 Bb7 26. Kf1 Rh2 27. e4 f4 28. Ne2 f3 29. gxf3 Qh4 0-1

[Event "EU-Cup (Women) 11th"]
[Site "Fuegen"]
[Date "2006.10.13"]
[Round "6.3"]
[White "Horn, Emilia"]
[Black "Svaljek, Radmila"]
[Result "1/2-1/2"]
[WhiteElo "2081"]
[BlackElo "2055"]
[PlyCount "49"]
[EventDate "2006.10.08"]
[EventType "team-swiss"]
[EventRounds "7"]
[EventCountry "AUT"]
[SourceTitle "EXT 2013"]
[Source "ChessBase"]
[SourceDate "2012.11.22"]
[SourceVersion "1"]
[SourceVersionDate "2012.11.22"]
[SourceQuality "1"]
[WhiteTeam "Stockholm Kristallen (W)"]
[BlackTeam "Rijeka Lucija (W)"]
[WhiteTeamCountry "SWE"]
[BlackTeamCountry "CRO"]

1. e4 e6 2. d4 d5 3. Nc3 dxe4 4. Nxe4 Bd7 5. Nf3 Bc6 6. Bd3 Bxe4 7. Bxe4 c6 8. c3 Nf6 9. Bc2 Nbd7 10. Qe2 Be7 11. 0-0 0-0 12. Re1 Re8 13. Ne5 Nf8 14. Bd2 Qc7 15. Rad1 c5 16. Bg5 Red8 17. dxc5 Qxc5 18. Rxd8 Rxd8 19. Bb3 Qb6 20. h3 a6 21. Qf3 Qc7 22. Nc4 Ng6 23. Be3 Nd5 24. Bd4 Bf6 25. Bxf6 1/2-1/2

[Event "EU-Cup (Women) 11th"]
[Site "Fuegen"]
[Date "2006.10.09"]
[Round "2.3"]
[White "Kovanova, Baira"]
[Black "Svaljek, Radmila"]
[Result "1-0"]
[WhiteElo "2303"]
[BlackElo "2055"]
[PlyCount "101"]
[EventDate "2006.10.08"]
[EventType "team-swiss"]
[EventRounds "7"]
[EventCountry "AUT"]
[SourceTitle "EXT 2013"]
[Source "ChessBase"]
[SourceDate "2012.11.22"]
[SourceVersion "1"]
[SourceVersionDate "2012.11.22"]
[SourceQuality "1"]
[WhiteTeam "Saratov Economist (W)"]
[BlackTeam "Rijeka Lucija (W)"]
[WhiteTeamCountry "RUS"]
[BlackTeamCountry "CRO"]

1. e4 e6 2. d4 d5 3. Nd2 dxe4 4. Nxe4 Bd7 5. Bd3 Bc6 6. Nf3 Bxe4 7. Bxe4 c6 8. 0-0 Nf6 9. Bd3 Bd6 10. c4 Qc7 11. Re1 Nbd7 12. Qc2 Bf4 13. Bxf4 Qxf4 14. Rad1 Qc7 15. Ne5 0-0 16. Re3 Rfd8 17. Rde1 Nf8 18. Qd2 Qd6 19. Rg3 Ng6 20. Qg5 Qf8 21. Bxg6 hxg6 22. Qh4 Qb4 23. Nf3 Qa5 24. c5 Rd5 25. a3 Qd8 26. Rg5 Nh7 27. Rxd5 Qxd5 28. b4 Nf6 29. h3 a5 30. bxa5 Rxa5 31. Qf4 Qd8 32. Rb1 Ra7 33. Ne5 Qe8 34. Nc4 Nd5 35. Qg3 Ne7 36. Nd6 Qd7 37. Rb3 Nd5 38. Rf3 Nf6 39. Qe5 Qd8 40. Rb3 Qd7 41. Nc4 Ra4 42. Nd6 Ra7 43. g4 Ne8 44. Nxe8 Qxe8 45. Qc7 Qa8 46. a4 Kh7 47. Rb6 Rxa4 48. Rxb7 Rxd4 49. Qe7 Rd5 50. Kg2 Rxc5 51. Ra7 1-0